00763 2200217 4500001002100000005001700021008004100038035002400079040001200103082001000115090001900125100002400144245016500168260005800333300004200391500002700433504002900460650002500489850001200514990001900526YOGYA-1112000000024420121114081400.0 ind  0010-111200000000244 aYOPDYOG a711.5 aSk 711.5 Pur P aPURCAHYO SUMARDIONO aPengendalian perubahan penggunaan tanah pertanian untuk industri berdasarkan rencana umum tata ruang wilayah Kabupaten Slemancdisusun oleh Purcahyo Sumardiono. aYogyakartabFakultas Hukum Universitas Atmajayac2004 axi, 61(13) lbr.bilus., lamp.c29 cm. aSkripsi Univ. Atmajaya aBibliografi : lbr. 60-61 aTata kota dan daerah aYOPDYOG a41.921-PD/A.12